Statistics for 16 logos

Click here to take the quiz!

General Stats

  • This quiz has been taken 160 times
    (159 since last reset)
  • The average score is 11 of 16

Answer Stats

Answer% Correct
Apple
99%
McDonald's
92%
Netflix
92%
Starbucks
92%
Shell
91%
Youtube
91%
Samsung
89%
Taco Bell
89%
Jetpunk
86%
Costco
69%
Quaker Oats
56%
Chevron
54%
Air Canada
42%
Lululemon
33%
San Francisco Giants
30%
Swiss International
7%

Score Distribution

Percentile by Number Answered

Percent of People with Each Score

Your Score History

You have not taken this quiz since the last reset